000 00640nam a2200265Ia 4500
003 OSt
005 20220912152233.0
006 a|||||r|||| 00| 0
007 ta
008 220909b |||||||| |||| 00| 0 eng d
024 _a56684
037 _cTextual
040 _aCSL
_beng
_cCSL
041 _aeng
082 _aL:4:56, M3;1
100 _aZaleski Marek B
245 0 _aImmunogenetics
260 _c1983
300 _ap.
_ccm.
650 _a Immunology
650 _aMedicine
700 _a Dubiski Stanislaw
942 _hL:4:56, M3;1
_cTEXL
_2CC
999 _c82670
_d82670